Personnalités au hasard #51 - Statistiques

Statistiques générales
  • Ce quiz a été pris 179 fois
  • Le résultat moyen est 10 sur 32
Statistiques - réponses
Par images Réponse % Correct
Jean Reno
80%
Joyca
72%
Théo Hernandez
70%
Ragnar Le Breton
66%
Tayc
63%
Max Verstappen
56%
Gazo
55%
Nicolas Cage
54%
VodK
52%
Pfut
50%
Chris Brown
45%
Yanns
42%
Stéfanos Tsitsipás
36%
Jacob Elordi
33%
Phil Collins
30%
Demi Moore
27%
Lucie Lucas
26%
Future
17%
Manu Chao
17%
Jean-Pierre Marielle
15%
Francesco Farioli
14%
Regé-Jean Page
13%
Gilbert Rozon
12%
Dan Reynolds
11%
Sophie Ellis-Bextor
9%
Jordan Thompson
8%
Stéphane Séjourné
6%
Umberto Eco
4%
Nick Carter
2%
Frida Boccara
1%
Irène Frachon
1%
Philip Bailey
1%
Aucun quiz correspondant
Distribution des résultats
% des personnes avec chaque résultat
Percentile par nombre de réponses
Votre historique - résultats
Vous n’avez pas pris ce quiz